000 00709nam a2200205 i 4500
001 104253
003 ES-MaACL
005 20230906183543.0
007 t|
008 051125s1957 sp ||||1| spa d
100 1 _aMikorey, Max.
_981073
245 1 0 _aMiembros fantasmas y desdoblamientos de la personalidad /
_cProf. Dr. Max Mikorey; traducción directa del alemán por el Dr. Agustín Serrate Torrente.
260 _aMadrid :
_bAlhambra,
_c1957.
300 _a80 p. ;
_c21 cm.
490 1 _aMonografías médicas Alhambra
700 1 _aSerrate Torrente, Agustín.
_9105823
830 0 _aMonografías médicas Alhambra
_9182831
852 _aES-MaACL
_j1994-F-16
_bR.39576
999 _c104253
_d104253